Las mujeres chilenas en los noventas: hablan las cifras
Kaydedildi:
| Müşterek Yazar: | |
|---|---|
| Materyal Türü: | Kitap |
| Dil: | İspanyolca |
| Baskı/Yayın Bilgisi: |
Santiago
Naciones Unidas
2000
|
| Konular: | |
| Etiketler: |
Etiketle
Etiket eklenmemiş, İlk siz ekleyin!
|
MARC
| LEADER | 00000nam a2200000 a 4500 | ||
|---|---|---|---|
| 001 | UCN6650 | ||
| 003 | CL-VaPUC | ||
| 008 | 011005e20000000CL |||||||||||||||||spa|d | ||
| 082 | 0 | 4 | |a 305.4 |b CEP |2 21 |
| 110 | 2 | |a CEPAL |e author |9 462369 | |
| 245 | 1 | 4 | |a Las mujeres chilenas en los noventas: hablan las cifras |
| 300 | |a 213 p | ||
| 942 | |c BK | ||
| 945 | |d 20011005 00:00:00 |a rbrito | ||
| 260 | |a Santiago |b Naciones Unidas |c 2000 | ||
| 650 | 0 | |a Mujeres |9 257649 | |
| 650 | 0 | |a Derechos de la mujer |9 257074 | |
| 650 | 0 | |a Política económica |9 255029 | |
| 650 | 0 | |a Mujeres trabajadoras |9 259236 | |
| 650 | 0 | |a Demografía |9 260008 | |
| 583 | |a last modification |c 20161104 05:40:59 |k Rodrigo Vera | ||
| 999 | |c 297347 |d 297345 | ||
| 952 | |0 0 |1 0 |4 0 |6 305_400000000000000_CEP_2000 |7 0 |8 A |9 352005 |a BIBEDU |b BIBEDU |d 2019-11-21 |i 3685934 |o 305.4 CEP 2000 |p 3685934 |r 2019-11-21 |w 2019-11-21 |y BK |k BME | ||